|
|
|
|
| LEADER |
00000nam0a2200000 4500 |
| 001 |
123918 |
| 005 |
20231101215833.0 |
| 010 |
|
|
|a 9785962603421
|
| 035 |
|
|
|a (RuTPU)RU\TPU\book\134109
|
| 090 |
|
|
|a 123918
|
| 100 |
|
|
|a 20071025d2007 km y0rusy50 ca
|
| 101 |
0 |
|
|a rus
|
| 102 |
|
|
|a RU
|
| 105 |
|
|
|a a z 000zy
|
| 200 |
1 |
|
|a Как стать капиталистом: ответы на популярные вопросы о частных вложениях в акции
|f В. В. Ильин
|
| 210 |
|
|
|a Москва
|a СПб.
|c Вершина
|d 2007
|
| 215 |
|
|
|a 168 с.
|c ил.
|
| 330 |
|
|
|a Эта книга - надежный помощник и подспорье для тех, кто понял, что инвестирование может быть делом каждого, кто имеет немного свободных денег и стремится заставить их приносить доход. Она состоит из ответов на вопросы, которые задает себе человек, начинающий знакомство с миром частных инвестиций. Читатель узнает о возможностях заработать на рынке акций, обо всем многообразии инструментов рынка валют Forex и особенностях вложений в инвестиционные фонды (ПИФы). Книга предназначена, в первую очередь, для тех потенциальных инвесторов, кто не имеет начальной финансовой подготовки, кому нужны практические советы и ответы на самые элементарные вопросы, неизбежно возникающие на начальном этапе инвестиционной деятельности, и почти не отраженные в специализированных изданиях.
|
| 606 |
1 |
|
|a Ценные бумаги
|2 stltpush
|3 (RuTPU)RU\TPU\subj\37277
|9 58363
|
| 610 |
1 |
|
|a экономика
|
| 610 |
1 |
|
|a финансы
|
| 610 |
1 |
|
|a ценные бумаги
|
| 610 |
1 |
|
|a акции
|
| 610 |
1 |
|
|a инвестиции
|
| 610 |
1 |
|
|a дивиденды
|
| 610 |
1 |
|
|a налоги
|
| 610 |
1 |
|
|a фондовый рынок
|
| 610 |
1 |
|
|a биржевые торги
|
| 610 |
1 |
|
|a брокеры
|
| 610 |
1 |
|
|a интернет-трейдинг
|
| 610 |
1 |
|
|a паевые инвестиционные фонды
|
| 610 |
1 |
|
|a индивидуальное доверительное управление
|
| 610 |
1 |
|
|a ОФБУ
|
| 610 |
1 |
|
|a ИДУ
|
| 610 |
1 |
|
|a FOREX
|
| 610 |
1 |
|
|a недвижимость
|
| 610 |
1 |
|
|a драгоценные металлы
|
| 686 |
|
|
|a У9(2)262.29
|v LBC/SL-A
|2 rubbk
|
| 700 |
|
1 |
|a Ильин
|b В. В.
|g Виктор Владимирович
|
| 801 |
|
1 |
|a RU
|b 63413507
|c 20071025
|g PSBO
|
| 801 |
|
2 |
|a RU
|b 63413507
|c 20210316
|g PSBO
|
| 942 |
|
|
|c BK
|